| 000 | 00469nam a22001697a 4500 | ||
|---|---|---|---|
| 003 | CEME | ||
| 005 | 20210628210358.0 | ||
| 008 | 210216b xxu||||| |||| 00| 0 eng d | ||
| 040 | _c. | ||
| 082 | _a297.1244 MUH | ||
| 100 |
_aMuhammad Zikria Hazrat Moulana Muhammad Zikria _979136 |
||
| 245 | _aShumail-e-tirmazi khasayaal nabvi | ||
| 260 |
_aLAHORE _bMAKTABA REHMANIA _c1998 |
||
| 300 | _a463P | ||
| 650 |
_aISLAM-HADITH-SHUMAIL-E-TIRMAZI _979137 |
||
| 942 |
_cBK _2ddc |
||
| 999 |
_c584202 _d584202 |
||